Economic report of the president transmitted to the congress, January 1981

Gespeichert in:
Bibliographische Detailangaben
Format: Buch
Sprache:Englisch
Veröffentlicht: Washington United States Government Printing Office 1981
Tags: Tag hinzufügen
Keine Tags, Fügen Sie das erste Tag hinzu!

MARC

LEADER 00000nam a2200000 4500
001 c142309
005 20221220103459.7
041 0 |a eng 
044 |a US 
245 1 0 |a Economic report of the president  |b transmitted to the congress, January 1981 
264 1 |a Washington  |b United States Government Printing Office  |c 1981 
300 |a 357 s.